Sean Bean Death Quiz - Statistics

General Stats
  • This quiz has been taken 130 times
    35 since last reset
  • The average score is 5 of 28
Answer Stats
Hint Answer % Correct
Head cut off on the steps of the Sept of Baelor Game of Thrones "Baelor"
84%
Shot full of arrows The Lord of the Rings: The Fellowship of the Ring
77%
Crushed by a giant satellite antenna GoldenEye
45%
Catches Bubonic Plague and then is quartered (pulled apart by horses) Black Death
32%
Impaled on a boat anchor, then blown up. Patriot Games
29%
Shot by Christian Bale while reading Yeats Equilibrium
23%
Hung from a cable after being shot through the neck by a grappling hook The Island
23%
Gunned down in a Range Rover Essex Boys
19%
Shot by Sophia Bush with a shotgun close range The Hitcher
19%
Buried alive Don't Say a Word
16%
Hung from chains as a traitor Henry VIII
13%
Multiple gunshots to the chest during a firefight with armored police Outlaw
13%
Falls off a cliff while being chased by stampeding cattle The Field
13%
Throat sliced open Caravaggio
10%
Shot in the chest, then falls back into a swimming pool Death Race 2
10%
Frozen naked in the arctic tundra Far North
10%
Shot by Chris Hemsworth and disposed of in a car compactor Ca$h
6%
Stabbed with a rapier during a duel Clarissa
6%
The Undying Elusive Target (killed by you in a variety of ways) Hitman 2
6%
Shot by reporter Eddie Dunford (Andrew Garfield) Red Riding: The Year of Our Lord, 1983
6%
Run through with a bayonet War Requiem
6%
Stabbed to death by one of his rape victims Scarlett
3%
Turned into a dragon statue The Elder Scrolls: Oblivion
3%
Shot by Nazi Stormtroopers Age of Heroes
0%
Shot in the chest by his boss Airborne
0%
Consumption on his death bed Crusoe
0%
Drowns in a mire Lorna Doone
0%
Stabs himself Screen One “Tell Me That You Love Me”
0%
No matching quizzes found
Score Distribution
Percent of People with Each Score
Percentile by Number Answered
Your Score History
You have not taken this quiz since the last reset